Darts Quiz - Statistics

General Stats
  • This quiz has been taken 1,222 times
  • The average score is 8 of 11
Answer Stats
Hint Answer % Correct
Which player has the nickname "The Power" Phil Taylor
98%
Which player has won 16 World Championships? Phil Taylor
98%
Which player has the nickname "The Flying Scotsman" Gary Anderson
95%
Which player has the nickname "The Machine" James Wade
89%
Which player has the nickname "Bully Boy" Michael Smith
88%
What is the major darting organisation? PDC
85%
Which player has the nickname "The Bullet" Stephen Bunting
73%
Who won the 2013-14 World Darts Championship? Michael van Gerwen
70%
Who was the first non-British World Darts Champion? John Part
60%
Which player won the first PDC World Darts Championship? Dennis Priestley
52%
Which player won the first BDO World Championship? Leighton Rees
20%
No matching quizzes found
Score Distribution
Percent of People with Each Score
Percentile by Number Answered
Your Score History
You have not taken this quiz